Members of Task Force 141 - Statistics

General Stats
  • This quiz has been taken 4 times
  • The average score is 3 of 34
Answer Stats
Hint Answer % Correct
CaptainLieutenant (1996) (and 2011 in reboot) John Price
100%
Sergeant (2011)Captain (2016) Sergeant (in the reboot) John "Soap" MacTavish
50%
Lieutenant Simon "Ghost" Riley
50%
Colonel Alejandro Vargas
25%
Sergeant Gary "Roach" Sanderson
25%
CIA Liaison and informant Kate Laswell
25%
Sergeant Kyle "Gaz" Garrick
25%
Operations Officer (CIA)Combat Lieutenant (ULF) Alex Keller
0%
Archer
0%
Buck
0%
Chemo
0%
Crane
0%
Commander (ULF) Farah Karim
0%
Gridlock
0%
Lieutenant GeneralGeneral (in the reboot) Jonathan Shepard
0%
Private First Class Joseph Allen
0%
Marlin
0%
Meat
0%
Merlin
0%
Senior Sergeant (Soviet Army) Nikolai
0%
Ozone
0%
Peasant
0%
Robot
0%
Rocket
0%
Sergeant Major Roldolfo Parra
0%
Rook
0%
Royce
0%
Master Sergeant Sandman
0%
Scarecrow
0%
Toad
0%
Sergeant First Class Truck
0%
Worm
0%
Loyalist CommanderUltranationalist Commander Inner Circle Second-in-Command Yuri
0%
Zach
0%
No matching quizzes found
Score Distribution
Percent of People with Each Score
Percentile by Number Answered
Your Score History
You have not taken this quiz